[Event "Tata Steel-B 73rd"]
[Site "Wijk aan Zee"]
[Date "2011.01.21"]
[Round "6"]
[White "Fressinet, Laurent"]
[Black "So, Wesley"]
[Result "0-1"]
[WhiteElo "2707"]
[BlackElo "2673"]
[Annotator "So,Wesley"]
[PlyCount "84"]
[EventDate "2011.01.14"]
[EventType "tourn"]
[EventRounds "13"]
[EventCountry "NED"]
[EventCategory "17"]
[SourceTitle "CBM 141"]
[Source "ChessBase"]
[SourceDate "2011.03.17"]
[SourceVersion "1"]
[SourceVersionDate "2011.03.17"]
[SourceQuality "1"]

{I had just won in the previous round against Ganguly and was on +1. I was
feeling a little bit ambitious and thought I should try for more if the
opportunity should arise, whichs is what I usually do in all of my games.} 1.
Nf3 Nf6 2. c4 g6 3. Nc3 d5 {The only problem with the Grünfeld is that a
serious player with White can have many surprises against it but still many
people play the Grünfeld as if nothing is going to happen. Recently I have
become one of them.} 4. cxd5 Nxd5 5. Qb3 $5 {My opponent,the current French
Champion Laurent Fressinet plays so many lines that this came unexpected for
me. Since I've been playing the Grünfeld a lot recently, I suppose he had
prepared something and I have to be a bit careful.} Nb6 6. d4 Bg7 7. e4 Bg4 $5
{I wanted to pressurize d4 immediately thus this slight change of move-order.}
({The main line, with lots of games played today is} 7... O-O 8. Be3 Bg4 {
but then White gets time to firmly defend his d4-pawn by} 9. Rd1 {and I expect
that White will remain with a slightly better position.} ({Or} 9. O-O-O)) 8.
Be3 $5 {Ignoring the d4-pawn. White just sacrifices it for a lead in
development. I'm not sure if it is completely sound, but what's more important
is that it gave me confidence to play for a win, since now I win a pawn!} Bxf3
9. gxf3 Bxd4 {The pin on the d-file is not so dangerous, because I can
supportthe bishop with ...e5 or ...c5. White's main compensation lies in his
light-square control and the quite vulnerable position of the black king. Here
my opponent seemed to be surprised and he used up a lot of time. He looked as
though the position was strange to him, even though we're just on the 9th move!
} 10. O-O-O e5 ({Perhaps more accurate is} 10... Bxe3+ 11. fxe3 N8d7 {as my
computer suggests, but to my common sense, I think White has compensation after
} 12. h4 e6 13. h5 $44 {because he controls the center, has a useful
light-squared bishop which can be activated after an eventual f4-e5, and an
unpleasant timely Nc3-b5 (preferably after Kb1) to hit the pawns on c7 and a7.}
) 11. h4 Bxe3+ ({Perhaps a simpler way to equalization is just to return the
pawn:} 11... Qe7 12. h5 N8d7 {and Black will safely castle queenside next. But
understandably during the game, I didn't want to return the pawn!}) 12. fxe3
Qf6 13. h5 $1 {Very powerful, I thought during the game. And it really is. Now
I cannot understand what is going on.} g5 $5 {I did not like the position
which would arise if I castle kingside now, so I decided to just play this
move and see what happened.} ({White has good attacking chances after:} 13...
O-O 14. hxg6 hxg6 15. Qc2 $1 Nc6 (15... Qxf3 $2 16. Qh2 Qh5 17. Qg2 $18) 16.
Qh2 Rfd8 17. Be2 Rxd1+ 18. Nxd1 $132 {because my king will always remain under
some pressure.}) 14. f4 $5 {I didn't know that my opponent was also in such a
fighting mood that day! This is very creative, and I did not even consider it
seriously until he played it! Of course White has many other possibilities
here.} ({I was mostly expecting something like} 14. Bh3 O-O 15. Rhf1 Nc6 $132 {
but then I don't think I am worse, in fact I prefer my position since I am up
a pawn!}) ({But then here comes the computer, who comes up with a suggestion
almost impossible to see!} 14. a4 $3 a5 ({does not work:} 14... Nc6 $2 15. a5
$1 Nxa5 16. Qb5+ Nc6 17. Nd5 Nxd5 18. exd5 $16 {and White wins.}) (14... N8d7
15. a5 Nc5 16. Qb5+ $5 Nbd7 17. Nd5 Qd8 18. a6 $3 c6 19. axb7 Nxb7 20. Qxb7
cxd5 21. Qxd5 $16) 15. Bb5+ $1 c6 (15... Kf8 $2 16. Qa3+ $18 {followed by
f3-f4, when Black cannot survive long enough to see tomorrow!}) 16. Bf1 $1 N8d7
17. Bh3 Rb8 18. Kb1 $1 Qe7 19. Ne2 $16 {[%cal Ge2g3,Gg3f5] and Black comes in
under a lot of pressure. It's a relief that my opponents are not computers!})
14... exf4 15. Nd5 $1 {Another unexpected surprise! I was only thinking he
would recapture on f4, but this might be even stronger!} ({If} 15. exf4 {
I was intending to play safely with} N8d7 $5 16. fxg5 Qxg5+ 17. Kb1 {and now
either} Qe7 ({or} 17... O-O-O 18. Qxf7 Kb8 19. Bh3 Ne5 $11 {in both cases
Black doesn't have any problems and can even fight for the advantage.})) 15...
Nxd5 16. Rxd5 Nc6 $1 {The only way for me to continue the fight!} (16... Nd7 $2
{would be naïve:} 17. Bh3 Nb6 18. Qb5+ $1 Kf8 19. Rf5 $36 {when White's
initiative is very powerful.}) 17. Rg1 (17. Rf5 Qe6 18. Bc4 $2 Qxe4 19. Bxf7+
Ke7 $19 {obviously does not work for White,since there is nothing concrete.}) (
{But White should have played:} 17. Bb5 $1 {disabling one of Black's most
active pieces! This would have been very unpleasant for me to meet over the
board! Though after the accurate} a6 $1 18. Bxc6+ Qxc6+ 19. Kb1 Qe6 20. Qd3
fxe3 21. Rxg5 e2 $5 $11 {intending} 22. Qxe2 O-O-O {I wouldn't get any
problems either.}) 17... h6 $1 {A very strong move I think! Now my kingside
pawns are stabilized,and my only problem is where to put the Black king!} 18.
Bc4 Ne7 $6 ({It is easy with a computer, but over the board, I wrongly thought
that it would be too risky to play} 18... O-O $1 19. Rf5 Qe7 20. Qc3 (20. exf4
Nd4 $19) 20... f3 $1 21. Rxf3 (21. Rf6 $2 Ne5 22. Rxh6 Kg7 $19) 21... Ne5 22.
Rf5 Nxc4 23. Qxc4 Rad8 $17 {and Black could have consolidated his extra pawn!})
19. Rdd1 O-O $2 {A product of lack of concentration and bad time management.
If I had used some more minutes here, I'm sure I could have found the best
move!} ({Black could still remain with the much better chances after:} 19... f3
$1 20. Qxb7 (20. Rg3 Nc6 $1 21. Rd5 O-O 22. Rf5 Qe7 23. Rgxf3 Ne5) ({Not} 20.
Rdf1 $2 {of course which allows Black to castle queenside} O-O-O $19) 20... O-O
21. e5 Qc6 $17) 20. Rdf1 $132 {now White has good counterchances again and I
didn't find it easy to look for a good move.} b5 $1 {I was getting low on time,
and so I decided to just make a move and see what happens! But in fact I have
to look for counterplay fast,and this is just ideal.} 21. Qxb5 ({The
complications work well for Black after:} 21. Bxb5 Rab8 $1 22. exf4 c6 23. e5
Qg7 $15) ({Or} 21. Bd3 $5 {but it relieves away the pressure on the f7-square
and I did not consider it seriously during the game.}) 21... Rab8 22. e5 Rxb5
$2 {As I said I was low on time, but still, this shouldn't excuse me from
making inaccuracies one after the other.} ({Much much stronger would have been:
} 22... Qb6 $1 23. Qxb6 cxb6 {now Black has managed to fix his queenside pawn
structure as well as threatening a pin along the c-file. Black is clearly
better I think, for example like after:} 24. Rxf4 Kg7 25. Bb3 Rbd8 26. Rf6 Rc8+
27. Kd2 Nc6 28. Rf5 Rce8 $17) 23. exf6 Rc5 24. b3 $2 {An inexplicable mistake.
I was not sure why, after thinking for a few minutes, my opponent chose it.
I'm glad I wasn't the only one making inaccuracies.} ({Most likely a draw
would have resulted from:} 24. fxe7 Rxc4+ 25. Kd2 Re8 (25... fxe3+ $2 26. Kd3
$18) 26. exf4 f6 27. fxg5 fxg5 28. Rf6 Rd4+ 29. Kc3 Rd6 30. Rxd6 cxd6 31. Rd1
$11 {and this is what I was expecting.}) 24... Nf5 25. exf4 Ne3 26. Rf2 Kh7 $1
{I very much liked this move. I know that my opponent was using most of his
time calculating 26...Nxc4 27.Rc2 and I wanted to surprise him!} 27. Kb2 $2 {
I don't understand, why the king decided to go farther away from the main
battlefield.} ({Preferable is} 27. Kd2 Nxc4+ 28. bxc4 Rf5 29. Rgg2 $15 {
when compared to the game, at least White's king is better placed and he has
fair drawing chances.}) 27... Nxc4+ 28. bxc4 Rf5 $17 {I think the rook ending
should be an easy win. I'm going to win some pawns, and the White king is also
cut off!} 29. Kc3 Rxf6 30. f5 Re8 31. Rd1 Re5 ({What I played is also
sufficient, but now I think the simplest way to finish the game is} 31... Re3+
32. Rd3 Rxd3+ 33. Kxd3 Kg7 34. Ke4 Ra6 $1 {[%cal Gg7f6] and White cannot
prevent ...Kf6, for example} 35. Ke5 Ra5+ $17 {when all the White pawns are
going to fall.}) 32. Rd5 Re3+ 33. Kd4 Rh3 34. Rd7 Rxh5 35. Rxc7 g4 36. Ke4 Rg5
{My kingside pawns are just going to push forward towards promotion! It is
obvious that White does not have enough resources to offer any resistance.} 37.
c5 g3 38. Rg2 h5 39. Rxa7 h4 40. Ra3 h3 41. Raxg3 Rxg3 42. Rxg3 h2 0-1

[Event "Tata Steel-B 73rd"]
[Site "Wijk aan Zee"]
[Date "2011.01.25"]
[Round "9"]
[White "So, Wesley"]
[Black "Li, Chao B"]
[Result "0-1"]
[WhiteElo "2673"]
[BlackElo "2649"]
[Annotator "Krasenkow,M"]
[PlyCount "68"]
[EventDate "2011.01.14"]
[EventType "tourn"]
[EventRounds "13"]
[EventCountry "NED"]
[EventCategory "17"]
[SourceTitle "CBM 141"]
[Source "ChessBase"]
[SourceDate "2011.03.17"]
[SourceVersion "1"]
[SourceVersionDate "2011.03.17"]
[SourceQuality "1"]

1. d4 Nf6 2. c4 g6 3. g3 Bg7 4. Bg2 d5 5. cxd5 Nxd5 6. e4 Nb6 7. Ne2 c5 8. d5
e6 9. O-O O-O 10. Nec3 Na6 (10... exd5 11. exd5 Bf5 {has been recently put
under doubt due to} 12. g4 $1 {e.g.} Bxb1 (12... Bd7 13. Nd2 Na6 14. Nde4 Nc4
15. h3 f5 {1-0 Jirka,J (2378)-Dutta,S (2275)/Goa 2002/CBM 091 ext (56)} 16. d6
$1 $36) 13. Rxb1 Qd7 14. Ne4 Na6 15. g5 Qf5 16. d6 Rad8 17. Qf3 Nc4 18. Bf4 Nb4
19. Rfc1 b5 20. b3 Nd5 21. Bg3 Na3 22. Rxc5 Nxb1 23. Rxd5 $16 {1-0 (33)
Wojtaszek,R (2726)-Li,C (2649)/Wijk aan Zee 2011/CBM 141 (33)}) 11. a4 {
For this line - see Nakamura-Howell in CBM 140.} exd5 12. exd5 Nc4 $5 {This
rare continuation is probably better than} (12... Bf5 13. g4 $1) 13. Na3 (13.
Nd2 $5 Nxd2 (13... Ne5 14. Nde4 Bg4 15. f3 Bf5 16. Bg5 $1 (16. f4 $6 Nc4 17.
Qe2 Nd6 18. Nxd6 Qxd6 19. Bd2 Nb4 $1 20. Nb5 Qb6 21. a5 Qa6 22. Bxb4 cxb4 $17 {
0-1 Solak,D (2490)-Sutovsky,E (2609)/Istanbul 2000/EXT 2001/[Ftacnik] (35)})
16... Qa5 (16... f6 17. Bf4 Re8 18. Qe2 $14) 17. Nf6+ Bxf6 18. Bxf6 Nd7 19. Bg5
Nb4 20. Ne4 c4 21. Bh6 Nd3 22. Qd2 Qxd5 23. Qc3 f6 24. Bxf8 Rxf8 25. Nf2 $14 {
1-0 Kolehmainen,K (2331)-Satici,A (2372)/ICCF 2002/ICCF Telechess CBM 104 (49)}
) 14. Bxd2 Bf5 15. Be3 (15. Ne4 Re8 16. Re1 Qb6 17. Bc3 Bxe4 18. Bxe4 Rad8 19.
Qd2 Qd6 20. Bf3 Nc7 $11 {1/2 Horvath,P (2457)-Holzke,F (2471)/Senden 2003/EXT
2004 (58)}) 15... Qd7 16. d6 $1 (16. Qe2 Rac8 17. Rad1 Nb4 18. Ne4 Rfe8 19. Qc4
Bxe4 20. Bxe4 Bxb2 21. Bf3 b6 22. d6 Kg7 $13 {1/2 Jirka,J (2398)-Petr,M (2453)/
Zdar nad Sazavou 2007/CBM 120 ext (52)}) (16. Re1 b6 $6 (16... Rac8 $142 17. d6
$140 Nb4) 17. d6 Rad8 18. Bg5 f6 19. Bf4 Rde8 20. Qb3+ Kh8 21. Bf1 Nb4 22. Bb5
Rxe1+ 23. Rxe1 Qb7 24. Re7 Qf3 25. Qf7 {1-0 Stohl,I (2445)-Zlatanova,E/Berlin
West 1988/TD}) (16. Qb3 Rac8 17. Rfd1 (17. d6 Nb4 18. Bxc5 Nc2 19. Bxa7 Nxa1
20. Rxa1 Qxd6 21. a5 Be6 22. Qxb7 Bxc3 23. bxc3 Rxc3 24. Qb2 Rd3 25. h4 Rc8 26.
Kh2 Bd5 $11 {1/2 Kempinski,R (2619)-Brkic,A (2506)/Kusadasi 2006/CBM 111 ext 
(34)}) (17. Qb5 Rfd8 18. Rfd1 Nb4 $13) 17... Rfe8 (17... b6 18. Qb5 Nb4 19.
Qxd7 Bxd7 20. Rd2 Bf5 21. Nb5 Nc2 22. Rad1 Bg4 23. Rf1 Nxe3 24. fxe3 Bh6 25.
Re1 Bd7 $13 {1-0 Jirka,J (2372)-Kalod,R (2512)/Havlickuv Brod 2006/CBM 114 ext
(56)}) 18. Rd2 Nb4 19. Bf1 a6 20. Na2 (20. Rc1 Nd3 $1 21. Bxd3 Bxd3 22. Bxc5
Bh6 23. f4 Bxf4 $1 24. gxf4 Qg4+ 25. Rg2 Qxf4 26. Rd1 Rxc5 $19 {0-1 Brynell,S 
(2492)-Kulaots,K (2592)/Sweden SWE 2011/The Week in Chess 850 (33)}) 20... Nxa2
21. Qxa2 Be4 22. Rc1 Qf5 $132 {0-1 Gaprindashvili,V (2482)-Sakaev,K (2639)/
Linares 2001/CBM 081/[Ftacnik] (31)}) 16... Rac8 (16... Rae8 $142 $5) 17. Nd5
Rce8 18. Ne7+ Rxe7 19. dxe7 Qxe7 20. Re1 Bxb2 21. Bh6 Qf6 22. Bxf8 Kxf8 23. Rc1
b6 24. Rc4 $14 {1-0 Wojtaszek,R (2726)-Piorun,K (2513)/Warsaw POL 2011/The
Week in Chess 850 (30)}) 13... Ne5 $1 {This is quite appropriate now as
White's a3-knight can't easily enter the game.} (13... Nxa3 14. Rxa3 {leads to
a more favourable situation for White than after 13.Nd2 Nxd2 14.Bxd2 as his b2
pawn is now protected, and Ra3 can go to b3 or (later) e3. E.g.} Nb4 15. d6 (
15. Be3 b6 16. Qd2 Bf5 17. Rc1 {1/2 Hulak,K (2555)-Kozul,Z (2580)/Makarska
Tucepi 1995/EXT 1997}) 15... Rb8 16. a5 Bd7 17. Be3 b6 18. h4 Bf5 19. axb6 axb6
20. Ra7 Be5 21. Bh6 Re8 22. d7 Re7 23. Re1 $1 $16 {1-0 Michalik,P (2446)
-Pinter,E (2418)/Czechia 2009/CBM 133 Extra (38)}) 14. Be3 (14. f4 Ng4 15. Ncb5
Nb4 16. h3 a6 $1 (16... Nf6 $143 17. Be3 Nfxd5 18. Bxc5 $14 {1-0 Hamitevici,V 
(2401)-Holzke,F (2526)/Rijeka 2010/CBM 136 (27)}) 17. hxg4 axb5 18. Nxb5 Bd7
19. Nc3 c4 $44) 14... Bg4 15. Qb3 (15. f3 $6 {weakens White's position, and
Black is OK after} Bf5) 15... Nf3+ (15... b6 $5 $13 {[%cal Ra6b4]}) 16. Kh1 (
16. Bxf3 $6 Bxf3 17. Qxb7 Qf6 {[%csl Rg1]}) 16... Qd7 17. h3 $2 {Premature.} (
17. d6 $1 {[%cal Rb3d5]} Qxd6 $140 18. h3 Nd4 19. Qxb7 Rfb8 20. Qd5 Qxd5 21.
Nxd5 Bf3 22. Bxf3 Nxf3 23. Nb5 $36) 17... Nd4 $1 18. Bxd4 cxd4 19. hxg4 dxc3
20. bxc3 Rac8 $15 {Black will easily recapture the pawn, and his position will
be slightly better due to his more active bishop and the unsafe position of
White's king (it is well-known that the attack on the king is especially
strong in positions with opposite-coloured bishops).} 21. Nb5 $6 (21. Qb5 $142
$1 Qxg4 22. Qxb7 Nc5 23. Qxa7 (23. Qb4 Qxb4 24. cxb4 Nxa4 25. Rac1 Nc3 $15)
23... Nb3 24. Ra2 Bxc3 $44) 21... Nc5 22. Qa3 $6 {[%csl Ra3] The queen will
now be out of play.} (22. Qc2 $142 a6 23. Nd4 Qxg4 $15) 22... a6 23. Na7 (23.
Nd4 Rfe8 {[%cal Rc5e4]} 24. Rfe1 Rxe1+ 25. Rxe1 Nd3 26. Rf1 Qxg4 $17) 23... Rc7
24. Nc6 Nd3 $5 (24... bxc6 25. Qxc5 cxd5 26. Qxd5 Qxg4 27. Bf3 Qc8 {, winning
the c3-pawn, was quite good but Black prefers to destroy the defence of
White's king.}) 25. Rad1 (25. Ne7+ $142 $1 Kh8 $1 26. c4 $1 Ne5 27. c5 $1 Qxg4
28. d6 Rxc5 $1 $17) 25... Nxf2+ $1 26. Rxf2 Rxc6 27. dxc6 Qxd1+ 28. Kh2 (28.
Rf1 Qxg4 29. cxb7 Qxg3 {[%cal Rg7e5]}) 28... bxc6 $19 {[%csl Rh2]} 29. Qb4 Be5
30. Bxc6 Qd3 31. Rf3 Qe2+ 32. Kh3 Qe1 33. Kg2 Rd8 34. Qc5 Rd1 0-1

[Event "Tata Steel-B 73rd"]
[Site "Wijk aan Zee"]
[Date "2011.01.29"]
[Round "12"]
[White "McShane, Luke J"]
[Black "So, Wesley"]
[Result "1-0"]
[WhiteElo "2664"]
[BlackElo "2673"]
[Annotator "RR"]
[PlyCount "80"]
[EventDate "2011.01.14"]
[EventType "tourn"]
[EventRounds "13"]
[EventCountry "NED"]
[EventCategory "17"]
[SourceTitle "CBM 141"]
[Source "ChessBase"]
[SourceDate "2011.03.17"]
[SourceVersion "1"]
[SourceVersionDate "2011.03.17"]
[SourceQuality "1"]

1. e4 c6 2. d4 d5 3. e5 Bf5 4. h4 h5 5. c4 e6 6. Nc3 Nd7 7. Nge2 dxc4 8. Ng3
Nb6 9. Be2 Bg6 10. Bg5 Be7 11. Nge4 f6 12. Bf4 Nd5 13. Bg3 Qb6 {Schwer zu
sagen, was Weiß falsch gemacht hat, aber er hat einen Bauern weniger, ein
zweiter hängt. Ihn nun passiv zu decken, wäre eindeutig zu schwarzem Vorteil.}
14. O-O Nxc3 15. Nxc3 Qxb2 16. Bxc4 $5 {Das war die mutige Absicht: ein
Figurenopfer.} Qxc3 17. Rc1 Qb2 18. Bxe6 {Weiß hat eine glatte Figur weniger,
er setzt darauf, dass Schwarz seinen Königsflügel schwer entwickeln kann und
auch mit seinem Monarchen kein sicheres Plätzchen findet.} Rd8 19. d5 fxe5 20.
Re1 Bf6 21. Re2 Qa3 22. Bxe5 Bxe5 23. Rxe5 Kf8 24. Qe1 Qd6 $2 {Bisher hat
Schwarz alles richtig gemacht.} ({Einfach} 24... Nf6 {würde etwas Vorteil
festhalten, noch besser ist}) (24... Rh6 $1 {und Weiß droht mit einer glatten
Minusfigur zu verbleiben.}) 25. Bxg8 $1 Kxg8 26. Re6 Qxd5 27. Rxg6 {Weiß hat
die Figur zurück bekommen und nun wird die Position der Könige eine gewichtige
Rolle spielen.} Rh6 $6 (27... Kh7 {sollte noch das Gleichgewicht bewahren.})
28. Rxh6 gxh6 29. Qe3 Rd7 30. Qxh6 Rg7 31. g3 Qd4 32. Qe6+ Rf7 {Das ist eine
kleine Ungenauigkeit, in Zeitnot folgen noch einige mehr.} 33. Qe2 Kg7 34. Rf1
Kg6 35. Rd1 Qf6 36. Qe3 b6 37. Rd4 Re7 38. Qd3+ Kg7 39. Rf4 Qe6 40. Rf5 Rf7 (
40... Rf7 41. Rg5+ Kh6 42. Qd1 $18) 1-0

[Event "Sigeman & Co 19th"]
[Site "Malmo"]
[Date "2011.06.12"]
[Round "4"]
[White "So, Wesley"]
[Black "Grandelius, Nils"]
[Result "0-1"]
[WhiteElo "2667"]
[BlackElo "2547"]
[Annotator "RR"]
[PlyCount "62"]
[EventDate "2011.06.09"]
[EventType "tourn"]
[EventRounds "5"]
[EventCountry "SWE"]
[EventCategory "15"]
[SourceTitle "CBM 143"]
[Source "ChessBase"]
[SourceDate "2011.07.15"]
[SourceVersion "1"]
[SourceVersionDate "2011.07.15"]
[SourceQuality "1"]

1. c4 e6 2. Nc3 Nf6 3. d4 Bb4 4. Qc2 d5 5. cxd5 exd5 6. Bg5 c5 7. dxc5 h6 8.
Bh4 g5 9. Bg3 Ne4 10. e3 Qa5 11. Nge2 Bf5 12. Be5 {Das hat Kasparov 1993
erfolgreich eingeführt, aber nach aktuellem Stand der Theorie sollte Schwarz
ausgleichen.} O-O 13. Nd4 Re8 $1 14. Bxb8 (14. Nxf5 Rxe5 15. Nxh6+ Kg7 16. Ng4
Re6 17. Bd3 Nxc3 18. O-O {gewinnt Weiß die Figur zwar zurück, aber ohne einen
Vorteil zu erringen.}) 14... Nxc3 15. Nxf5 (15. Qxf5 Ne4+ 16. Kd1 Raxb8 17. Bd3
Bxc5 18. Nb3 Qb6 19. Rc1 $13) 15... Ne4+ 16. Kd1 Raxb8 17. Nxh6+ $6 {Danach
steht Weiß schlechter.} ({Computer wollen stattdessen} 17. f3 {spielen, dann
folgt} Rbc8 $1 18. fxe4 dxe4 19. Nd4 Bxc5 20. Rc1 Qb6 {und Weiß hält gerade
noch das Gleichgewicht.}) 17... Kf8 18. Bd3 (18. f3 Rbc8 $1 19. fxe4 dxe4 20.
a3 Rxc5 21. Bc4 Rec8 22. Qf2 R8c7 23. Nxf7 Rxc4 {und Schwarz gewinnt.}) 18...
Rbc8 19. Qe2 Rxc5 20. Qh5 Qa4+ {Damit startet Grandelius ein grandioses
Damenmanöver.} 21. b3 Qd7 22. Ke2 Qe6 $1 23. Rac1 (23. a3 Bc3 24. Rac1 Nxf2 $1
25. Qxf7+ Qxf7 26. Nxf7 Nxh1 27. Nh6 {büßt Schwarz den Nh1 ein, sollte aber
trotzdem gewinnen.}) 23... Qf6 $1 {Mit den Ideen ...Qxf2+ und ...Qb2+.} ({Nicht
} 23... Nxf2 $2 {wegen} 24. Nf5 {was e3 deckt und zugleich Matt auf h8 droht.})
24. Ng4 Qb2+ 25. Kf3 Re6 26. Rxc5 $6 {Weiß lässt sich Matt setzen, aber} (26.
Rcf1 {sieht nicht wirklich einladend aus. Allerdings sind die praktischen
Probleme nach} f5 27. g3 fxg4+ 28. Kg2 {nicht zu unterschätzen, z.B.} Rf6 29.
Bxe4 dxe4 30. Qh8+ Ke7 31. Qh7+ Kd8 32. Rd1+ Kc8 33. Qg8+ Kc7 34. Qd8+ Kc6 35.
Rhf1 {aber die Mehrfigur sollte sich durchsetzen.}) 26... Rf6+ 27. Nxf6 Qxf6+
28. Kg4 Qe6+ 29. Kf3 Qf5+ 30. Ke2 Qxf2+ 31. Kd1 {...und nun setzt die Dame
persönlich Matt.} Qd2# 0-1

[Event "PHI-ch"]
[Site "Manila"]
[Date "2011.07.16"]
[Round "1"]
[White "Sanchez, Joseph"]
[Black "So, Wesley"]
[Result "0-1"]
[WhiteElo "2534"]
[BlackElo "2658"]
[PlyCount "68"]
[EventDate "2011.07.16"]
[EventType "tourn"]
[EventRounds "13"]
[EventCountry "PHI"]
[EventCategory "11"]
[SourceTitle "CBM 143 Extra"]
[Source "ChessBase"]
[SourceDate "2011.08.29"]
[SourceVersion "1"]
[SourceVersionDate "2011.08.29"]
[SourceQuality "1"]

1. e4 c5 2. Nf3 d6 3. d4 Nf6 4. Nc3 cxd4 5. Nxd4 a6 6. Be3 e5 7. Nb3 Be6 8. Qd2
Nbd7 9. f3 h5 10. h3 Be7 11. O-O-O Qc7 12. Kb1 h4 13. Nd5 Bxd5 14. exd5 Nb6 15.
Bxb6 Qxb6 16. Qa5 Qxa5 17. Nxa5 Bd8 18. Nc4 Kd7 19. Bd3 Nh5 20. Rhe1 Nf4 21.
Bf1 b5 22. Nd2 Bb6 23. a4 bxa4 24. Re4 a3 25. Rb4 Rhb8 26. Nb3 axb2 27. Ra4 Ra7
28. Kxb2 Bd4+ 29. Ka3 Bc3 30. Na5 Bxa5 31. Rxa5 Rb6 32. Rd2 Rb1 33. Bc4 Ra1+
34. Ba2 Rg1 0-1

[Event "PHI-ch"]
[Site "Manila"]
[Date "2011.07.17"]
[Round "2"]
[White "So, Wesley"]
[Black "Antonio, Rogelio Jr"]
[Result "1-0"]
[WhiteElo "2658"]
[BlackElo "2565"]
[PlyCount "63"]
[EventDate "2011.07.16"]
[EventType "tourn"]
[EventRounds "13"]
[EventCountry "PHI"]
[EventCategory "11"]
[SourceTitle "CBM 143 Extra"]
[Source "ChessBase"]
[SourceDate "2011.08.29"]
[SourceVersion "1"]
[SourceVersionDate "2011.08.29"]
[SourceQuality "1"]

1. d4 Nf6 2. c4 e6 3. Nf3 Bb4+ 4. Nbd2 b6 5. a3 Bxd2+ 6. Qxd2 Bb7 7. e3 O-O 8.
Be2 Ne4 9. Qc2 f5 10. b4 a5 11. Rb1 axb4 12. axb4 d6 13. O-O Rf6 14. d5 Rh6 15.
Bb2 Na6 16. Ba1 e5 17. Bd3 Bc8 18. g3 Qe7 19. Nh4 Rxh4 20. gxh4 Qxh4 21. f3 Ng5
22. f4 Ne4 23. fxe5 Qg4+ 24. Qg2 Qxg2+ 25. Kxg2 Nd2 26. Bc3 Nxf1 27. Rxf1 Nb8
28. e6 Ra3 29. Rc1 g6 30. b5 c5 31. dxc6 Bxe6 32. c7 1-0